América Latina : (Registro nro. 8661)

Detalles MARC
000 -LEADER
fixed length control field 01382nam a2200265Ia 4500
003 - CONTROL NUMBER IDENTIFIER
control field OSt
005 - DATE AND TIME OF LATEST TRANSACTION
control field 20211028103213.0
008 - FIXED-LENGTH DATA ELEMENTS--GENERAL INFORMATION
fixed length control field 210310t1964 sp fr 000 0dspa d
040 ## - CATALOGING SOURCE
Original cataloging agency CO-JMCR
Transcribing agency CO-JMCR
041 1# - LANGUAGE CODE
Language code of text/sound track or separate title spa
Language code of original eng
082 04 - DEWEY DECIMAL CLASSIFICATION NUMBER
Classification number 330.98 /
Item number P886a
Edition number 23
100 1# - MAIN ENTRY--PERSONAL NAME
Personal name Powelson, John P.,
9 (RLIN) 17921
Relator term autor
245 10 - TITLE STATEMENT
Title América Latina :
Remainder of title la revolución económica y social actual /
Statement of responsibility, etc. John P. Powelson ; traducido y revisado por Ana García-Bernal Piñero, Víctor Rieg García
260 ## - PUBLICATION, DISTRIBUTION, ETC.
Place of publication, distribution, etc. Madrid :
Name of publisher, distributor, etc. Ediciones del Castillo,
Date of publication, distribution, etc. ©1964
300 ## - PHYSICAL DESCRIPTION
Extent viii, 330 páginas ;
Dimensions 23 cm.
490 0# - SERIES STATEMENT
Series statement McGraw-Hill de desarrollo internacional
500 ## - GENERAL NOTE
General note Incluye datos biográficos del autor y notas a pie de página
505 0# - FORMATTED CONTENTS NOTE
Formatted contents note La revolución económica -- Enfoque individual y colectivo de desarrollo económico -- Reforma agraria -- Monopolio -- Productos primarios -- La experiencia de cuatro mercancías .-Cobre, azúcar, petróleo y café -- Inflación -- Integración económica -- Ayuda exterior -- La planificación económica nacional -- Revolución vieja y nueva
546 ## - LANGUAGE NOTE
Language note Traducido del inglés.
650 14 - SUBJECT ADDED ENTRY--TOPICAL TERM
Topical term or geographic name entry element Alianza para el Progreso
9 (RLIN) 17923
Geographic subdivision América Latina
650 24 - SUBJECT ADDED ENTRY--TOPICAL TERM
Topical term or geographic name entry element Historia económica
Geographic subdivision América Latina
9 (RLIN) 10315
700 1# - ADDED ENTRY--PERSONAL NAME
Personal name García-Bernal Piñero, Ana,
Relator term traductora
9 (RLIN) 41322
700 1# - ADDED ENTRY--PERSONAL NAME
Personal name Rieg García, Víctor,
Relator term traductor
9 (RLIN) 41323
942 ## - ADDED ENTRY ELEMENTS (KOHA)
Source of classification or shelving scheme Dewey Decimal Classification
Koha item type Books
Existencias
Withdrawn status Lost status Source of classification or shelving scheme Damaged status Not for loan Collection code Home library Current library Date acquired Source of acquisition Total Checkouts Full call number Barcode Date last seen Date last checked out Copy number Koha item type
    Dewey Decimal Classification     Non-fiction Biblioteca Pública José María del Castillo y Rada Biblioteca Pública José María del Castillo y Rada 04/15/2018 Donación 1 330.98 / P886a 430005154 05/20/2025 05/19/2025 Ej.1 Books